<?xml version="1.0" encoding="UTF-8"?>
<record
    xmlns:xsi="http://www.w3.org/2001/XMLSchema-instance"
    xsi:schemaLocation="http://www.loc.gov/MARC21/slim http://www.loc.gov/standards/marcxml/schema/MARC21slim.xsd"
    xmlns="http://www.loc.gov/MARC21/slim">

  <leader>00952nam a2200265 i 4500</leader>
  <controlfield tag="001">42767</controlfield>
  <controlfield tag="003">ES-MaACL</controlfield>
  <controlfield tag="005">20250712062538.0</controlfield>
  <controlfield tag="007">t|</controlfield>
  <controlfield tag="008">030314s1959    sp cfo       |||| |aspa d</controlfield>
  <datafield tag="080" ind1=" " ind2=" ">
    <subfield code="a">929 Cela, Camilo Jos&#xE9;</subfield>
  </datafield>
  <datafield tag="080" ind1=" " ind2=" ">
    <subfield code="a">821.134.2-94"19"</subfield>
  </datafield>
  <datafield tag="100" ind1="1" ind2=" ">
    <subfield code="a">Cela, Camilo Jos&#xE9;,</subfield>
    <subfield code="d">1916-2002</subfield>
    <subfield code="9">37336</subfield>
  </datafield>
  <datafield tag="245" ind1="1" ind2="3">
    <subfield code="a">La cuca&#xF1;a </subfield>
    <subfield code="b">: memorias de Camilo Jos&#xE9; Cela. </subfield>
    <subfield code="n">Tranco primero, </subfield>
    <subfield code="p">Infancia dorada, pubertad siniestra, primera juventud. </subfield>
    <subfield code="n">Libro primero, </subfield>
    <subfield code="p">La rosa / </subfield>
    <subfield code="c">Camilo Jos&#xE9; Cela.</subfield>
  </datafield>
  <datafield tag="246" ind1="1" ind2="8">
    <subfield code="a">La cuca&#xF1;a. </subfield>
    <subfield code="p">La rosa</subfield>
  </datafield>
  <datafield tag="250" ind1=" " ind2=" ">
    <subfield code="a">1&#xAA; ed.</subfield>
  </datafield>
  <datafield tag="260" ind1=" " ind2=" ">
    <subfield code="a">Barcelona : </subfield>
    <subfield code="b">Destino, </subfield>
    <subfield code="c">[1959] (</subfield>
    <subfield code="f">Claras&#xF3;)</subfield>
  </datafield>
  <datafield tag="300" ind1=" " ind2=" ">
    <subfield code="a">223 p., [22] p. de l&#xE1;m. fot. ; </subfield>
    <subfield code="c">22 cm.</subfield>
  </datafield>
  <datafield tag="490" ind1="1" ind2=" ">
    <subfield code="a">Ser o no ser. </subfield>
    <subfield code="a">Biograf&#xED;as</subfield>
  </datafield>
  <datafield tag="600" ind1="1" ind2="4">
    <subfield code="a">Cela, Camilo Jos&#xE9;,</subfield>
    <subfield code="d">1916-2002-</subfield>
    <subfield code="x">Biograf&#xED;as</subfield>
    <subfield code="9">37337</subfield>
  </datafield>
  <datafield tag="740" ind1="3" ind2="2">
    <subfield code="a">La rosa.</subfield>
  </datafield>
  <datafield tag="830" ind1="0" ind2=" ">
    <subfield code="a">Ser o no ser. </subfield>
    <subfield code="a">Biograf&#xED;as</subfield>
    <subfield code="9">182266</subfield>
  </datafield>
  <datafield tag="852" ind1=" " ind2=" ">
    <subfield code="a">ES-MaACL</subfield>
    <subfield code="j">E-3566 </subfield>
    <subfield code="z">- enc. cart.</subfield>
  </datafield>
  <datafield tag="999" ind1=" " ind2=" ">
    <subfield code="c">42767</subfield>
    <subfield code="d">42767</subfield>
  </datafield>
  <datafield tag="952" ind1=" " ind2=" ">
    <subfield code="0">0</subfield>
    <subfield code="1">0</subfield>
    <subfield code="4">0</subfield>
    <subfield code="7">0</subfield>
    <subfield code="a">ATENEOM</subfield>
    <subfield code="b">ATENEOM</subfield>
    <subfield code="c">DEPO2</subfield>
    <subfield code="d">2008-01-17</subfield>
    <subfield code="e">SC</subfield>
    <subfield code="l">0</subfield>
    <subfield code="o">E-3566</subfield>
    <subfield code="p">1045020</subfield>
    <subfield code="r">2023-02-23 00:00:00</subfield>
    <subfield code="w">2023-02-23</subfield>
    <subfield code="y">MONOGRAFIA</subfield>
  </datafield>
</record>
